Statistiques concernant Films commençant par M par images

Cliquez ici pour prendre le quiz!

Statistiques générales

  • Ce quiz a été pris 662 fois
  • Le résultat moyen est 14 sur 28

Statistiques - réponses

Réponse% Correct
Madagascar
97%
Matrix
94%
Moi, Moche et Méchant
94%
Mary Poppins
93%
Mulan
92%
Maman, j'ai râté l'avion
89%
Men in Black
88%
The Mask
80%
Monstres et compagnie
76%
La Môme
63%
Mad Max : Fury Road
61%
Mamma Mia !
54%
Madame Doubtfire
42%
Miss Peregrine et les enfants particuliers
41%
Million Dollar Baby
39%
Mars attacks
33%
Minority Report
27%
Monty Python sacré graal
25%
Memento
24%
Moulin Rouge
24%
Manon des sources
23%
Les Misérables
20%
Menteur, Menteur
17%
Mandibules
15%
Misery
14%
Mommy
11%
Midnight express
9%
Mr Nobody
5%

Distribution des résultats

Percentile par nombre de réponses

% des personnes avec chaque résultat

Votre développement - résultats

Vous n’avez pas pris ce quiz